NSS NEWS

Bibliographic Details
Main Author: Mitter, Pavol (Author)
Format: Article
Language:Slovak

MARC

LEADER 00000nab a2200000uu 4500
001 vtls011145864
003 SK-MaSNL
005 20260303145816.0
008 230222|1977 xo |||||||||||||||||slo|
015 |a SNBRB 
035 |a (urnnbn)urn:nbn:sk:snk:ar-008k18 
035 |a (uuid)61ea41ef-ab42-41ee-bf3e-f75ab033e678 
035 |a urn:nbn:sk:snk-abawk9 
040 |a SNKBUCL  |b slo  |c SNKBUCL  |e AACR2 
041 0 |a slo 
044 |a xo  |c SK 
100 1 |a Mitter, Pavol  |4 aut  |9 1168603 
245 1 0 |a NSS NEWS  |c Pavol Mitter 
773 0 |t Slovenský kras : sborník Múzea slovenského krasu v Lipt. Mikuláši  |g Roč. 15, č. 1 (1977), s. 173-175 
954 |a odborná, vedecká literatúra pôvodná (slovenská)  |2 lita 
958 |a OND 
958 |a EUIPO 
958 |a article14 
999 |c 2005433  |d 2007363